Biblioteca

Transiciones : El porqué de los cambios que vivimos / William Bridges ; Francisco Calva Pellicer, Traductor (Registro nro. 32350)

Detalles MARC
000 -LÍDER
Campo fijo de descripción fija 009390000a22002170004500
020 ## - NÚMERO INTERNACIONAL NORMALIZADO PARA LIBROS
Número Internacional Normalizado del libro 968-6630-04-5
041 0# - CÓDIGO DE IDIOMA
Código de idioma para texto/pista de sonido o título separado
082 04 - NÚMERO DE CLASIFICACIÓN DECIMAL DEWEY
Número de clasificación G 158.1 B8516t
001 - NÚMERO DE CONTROL
Campo de control 959
100 1# - ASIENTO PRINCIPAL--NOMBRE PERSONAL
Nombre personal Bridges, William (1933-)
245 10 - TÍTULO
Título del Material Transiciones : El porqué de los cambios que vivimos / William Bridges ; Francisco Calva Pellicer, Traductor
260 ## - PUBLICACIÓN, DISTRIBUCIÓN, ETC. (PIE DE IMPRENTA)
Lugar de publicación, distribución, etc. México D.F., México : Fondo Educativo Interamericano
300 ## - DESCRIPCIÓN FÍSICA
Extensión 148 Pag.
336 ## - CONTENT TYPE
Content type term texto
Content type code txt
Source rdacontent
337 ## - MEDIA TYPE
Source rdamedia
Media type term sin mediación
Media type code n
338 ## - CARRIER TYPE
Source rdacarrier
Carrier type term volumen
Carrier type code nc
500 ## - NOTA GENERAL
Nota General Título original : Transitions - making sense of life changes
505 00 - NOTA DE CONTENIDO
Nota de contenido con formato preestablecido La necesidad de cambiar -- el estado de transición -- Toda una vida de transición -- Toda una vida de transiciones -- Amar y trabajar -- El proceso de transición
650 14 - ASIENTO SECUNDARIO DE MATERIA - TERMINO TEMÁTICO
Término temático o nombre geográfico como elemento de entrada CICLO VITAL HUMANO - ASPECTOS PSICOLOGICOS \ MADUREZ (PSICOLOGIA) \ CAMBIO SOCIAL \ ADAPTACION (PSICOLOGIA)
942 ## - TIPO DE MATERIAL (KOHA)
Tipo de Item KOHA Libros General
Existencias
Estado de Material Estado de Perdido Estado de Dañado No para Préstamo Colección Tomo Biblioteca de Origen Biblioteca Permanente Fecha de Adquisición Total de Préstamos Signatura Topográfica Código de Barras Última vez visto Última vez Préstado Ejemplar/Existencia Fecha de Remplazo Tipo de Material
        Colección General   Biblioteca FUSBC Biblioteca FUSBC 29/09/2004 1 G 158.1 B8516t 181 12/12/2019 17/10/2018 1 26/01/2016 Libros General

Biblioteca FUSBC | Teléfono: (57+4) 349 88 10 Ext. 141| WhatsApp (+57) 3005338115 
E-mail: biblioteca@unisbc.edu.co | Calle 76 87-14 Robledo Palenque, Medellín, Colombia

Con tecnología Koha